UNIX BSD 4.3 Úvod do operačného systému

Gespeichert in:
Bibliographische Detailangaben
1. Verfasser: Ožvoldík, Ľubomír
Körperschaft: Ekonomická univerzita v Bratislave. Ústav výpočtovej techniky
Format: Buch
Sprache:Slowakisch
Veröffentlicht: Bratislava EU 1992
Ausgabe:1. vyd.
Schlagworte:
Tags: Tag hinzufügen
Keine Tags, Fügen Sie das erste Tag hinzu!

MARC

LEADER 00000nam a2200000 4500
001 c005013
005 20221214090832.4
020 |a 80-225-0379-7 
041 0 |a slo 
044 |a SK 
245 1 0 |a UNIX BSD 4.3  |b Úvod do operačného systému  |c Ľubomír Ožvoldík 
250 |a 1. vyd. 
264 1 |a Bratislava  |b EU  |c 1992 
300 |a 86 s. 
610 2 0 |a systémy operačné 
610 2 0 |a UNIX BSD 4.3 
100 1 |a Ožvoldík, Ľubomír 
710 2 |a Ekonomická univerzita v Bratislave. Ústav výpočtovej techniky